The Church History of Rufinus of Aquileia, Books 10 and 11 : (Record no. 605177)

MARC details
000 -LEADER
fixed length control field 00500nam a2200193 a 4500
008 - FIXED-LENGTH DATA ELEMENTS--GENERAL INFORMATION
fixed length control field 251223s1997##################000#0#eng##
020 ## - INTERNATIONAL STANDARD BOOK NUMBER
ISBN 9780195110319
082 04 - DEWEY DECIMAL CLASSIFICATION NUMBER
Classification number 270.2
Item number RUF
100 1# - MAIN ENTRY--AUTHOR NAME
Personal name Rufinus,
245 10 - TITLE STATEMENT
Title The Church History of Rufinus of Aquileia, Books 10 and 11 :
260 ## - PUBLICATION, DISTRIBUTION, ETC. (IMPRINT)
Year of publication 1997.
300 ## - PHYSICAL DESCRIPTION
Number of Pages 153 pages
650 #0 - SUBJECT ADDED ENTRY--TOPICAL TERM
Topical Term History.
942 ## - ADDED ENTRY ELEMENTS (KOHA)
Koha item type English Books
Holdings
Withdrawn status Lost status Damaged status Not for loan Home library Current library Shelving location Date acquired Full call number Accession Number Price effective from Koha item type
        Anna Centenary Library Anna Centenary Library 3RD FLOOR, B WING 26.12.2025 270.2 RUF 281941 26.12.2025 English Books

Find us on the map